00911cam a22002537a 450000500170000000800410001701000100005801100100006803500100007808200160008811000740010424500850017826000830026330000100034650000140035659000410037059000410041159000410045259000420049365000420053590100070057794900560058499900170064020220329141148.0971010s1980 r 00010 d a63654 a64626 a70490 a630.717bM4 aMéxico. Dirección General de Distritos y Unidades de Riego97697213aLa comunicación como instrumento eficaz de trabajob: nivel técnico superior aMéxico, D. F. :bDirección General de Distritos y Unidades de Riego,c1980 a113 p aFotocopia aBATCH-UPDb10c20130110lUCH01h1806 aBATCH-UPDb10c20130410lUCH01h1142 aBATCH-UPDb10c20130914lUCH01h1024 aCONVERSIONb10c20130109lUCH01h133414aComunicación en agricultura.926212 aBK a630.717 M4bZAcLIBROd-2845eLIBROh5499i70490si c63654d63654